Survey on infectionus diseases of pig in tramkok district, takeo province, (ការអង្កេតពីជំងឺរាតត្បាតលើជ្រូកដែលជួបប្រទះ​ នៅស្រុកត្រំាកក់ ខេត្តតាកែវ) (Record no. 2718)

000 -LEADER
fixed length control field 00634nam a22001337a 4500
040 ## - CATALOGING SOURCE
Transcribing agency RUA
082 ## - DEWEY DECIMAL CLASSIFICATION NUMBER
Classification number AVM NUT 2013 B105 Or.1
100 ## - MAIN ENTRY--AUTHOR NAME
Personal name NUTH PAGNA
245 ## - TITLE STATEMENT
Title Survey on infectionus diseases of pig in tramkok district, takeo province, (ការអង្កេតពីជំងឺរាតត្បាតលើជ្រូកដែលជួបប្រទះ​ នៅស្រុកត្រំាកក់ ខេត្តតាកែវ)
260 ## - PUBLICATION, DISTRIBUTION, ETC. (IMPRINT)
Place of publication Phnom Penh
Name of publisher Rua
Year of publication 2013
300 ## - PHYSICAL DESCRIPTION
Number of Pages ix; 53p.
Other physical details ill.
Dimensions 29cm.
856 ## - ELECTRONIC LOCATION AND ACCESS
Uniform Resource Identifier https://drive.google.com/file/d/196CK6zk3lC_JpbcdmYGO8o4HScNFoFee/view?usp=sharing
942 ## - ADDED ENTRY ELEMENTS (KOHA)
Koha item type AVM
952 ## - LOCATION AND ITEM INFORMATION (KOHA)
Withdrawn status [LOCAL, KOHA] 0
952 ## - LOCATION AND ITEM INFORMATION (KOHA)
Withdrawn status [LOCAL, KOHA] 0
952 ## - LOCATION AND ITEM INFORMATION (KOHA)
Withdrawn status [LOCAL, KOHA] 0
952 ## - LOCATION AND ITEM INFORMATION (KOHA)
Withdrawn status [LOCAL, KOHA] 0
952 ## - LOCATION AND ITEM INFORMATION (KOHA)
Withdrawn status [LOCAL, KOHA] 0
952 ## - LOCATION AND ITEM INFORMATION (KOHA)
Withdrawn status [LOCAL, KOHA] 0
952 ## - LOCATION AND ITEM INFORMATION (KOHA)
Withdrawn status [LOCAL, KOHA] 0
Holdings
Permanent Location Date acquired Koha item type Lost status Shelving location Barcode Current Location Full call number
Library Block B2015-10-26AVM B105RUA027772Library Block BAVM NUT 2013 B105 Or.1
Library Block B2015-10-26AVM B105RUA027556Library Block BAVM NUT 2013 B105 Or.2
Library Block B2015-10-26AVM B105RUA027766Library Block BAVM NUT 2013 B105 Or.3
Library Block B2015-10-26AVM B105RUA027550Library Block BAVM NUT 2013 B105 Or.4
Library Block B2015-10-26AVM B105RUA027910Library Block BAVM NUT 2013 B105 Or.5
Library Block B2015-10-26AVM B105RUA011125Library Block BAVM NUT 2013 B105 Or.6
Library Block B2015-10-26AVM B105RUA011196Library Block BAVM NUT 2013 B105 Or.7
មជ្ឈមណ្ឌលឯការនៃសាកលវិទ្យាល័យភូមិន្ទកសិកម្មចំការដូង

Powered by Koha